Countries With the Highest Rate of Immigration - Statistics

General Stats
  • This quiz has been taken 1,180 times
  • The average score is 8 of 20
Answer Stats
migrants/1k Country % Correct
3.64 USA
96%
5.65 Canada
86%
5.83 Australia
77%
4.47 Italy
64%
6.14 Spain
64%
15.04 UAE
64%
33.31 Qatar
58%
14.13 Bahrain
49%
2.82 Portugal
47%
15.08 Singapore
47%
6.14 Switzerland
44%
8.06 Luxembourg
31%
4.35 Liechtenstein
24%
8.66 San Marino
23%
10.31 Cyprus
15%
33.32 Libya
7%
3.30 Nepal
5%
6.04 Djibouti
4%
4.68 Botswana
2%
22.76 Zimbabwe
2%
No matching quizzes found
Score Distribution
Percent of People with Each Score
Percentile by Number Answered
Your Score History
You have not taken this quiz